5HLuxD.jpg

KING HENRY VIII SENIOR AND PRIMARY SCHOOL LIBRARY OPAC

HORRIBLE HISTORY (Record no. 4528)

000 -LEADER
fixed length control field 00379nam a22001217a 4500
008 - FIXED-LENGTH DATA ELEMENTS--GENERAL INFORMATION
fixed length control field 250227b ||||| |||| 00| 0 eng d
020 ## - INTERNATIONAL STANDARD BOOK NUMBER
International Standard Book Number 9780590554671
082 ## - DEWEY DECIMAL CLASSIFICATION NUMBER
Classification number 937 DEA
100 ## - MAIN ENTRY--PERSONAL NAME
Personal name DEARY,TERRY
Relator term AUTHOR
245 ## - TITLE STATEMENT
Title HORRIBLE HISTORY
Remainder of title THE ROTTEN ROMANS
260 ## - PUBLICATION, DISTRIBUTION, ETC.
Place of publication, distribution, etc. COMMONWEALTH HOUSE,1-19 NEW OXFORD STREET LONDON WC1A 1NU,UK
Name of publisher, distributor, etc. SCHOLASTIC CHILDREN'S BOOK
Date of publication, distribution, etc. 1994
942 ## - ADDED ENTRY ELEMENTS (KOHA)
Source of classification or shelving scheme
Holdings
Withdrawn status Lost status Source of classification or shelving scheme Damaged status Not for loan Collection code Permanent Location Current Location Shelving location Date acquired Full call number Barcode Date last seen Price effective from Koha item type Public note
          Non-Fiction KH8 Primary School Library KH8 Primary School Library Non Fiction 2025-02-27 937 DEA KHPL000006313 2025-12-05 2025-02-27 Books - Non Ficton KH8 PRIMARY LIBRARY

Powered By KH8 IT Dept